Identifikácia hovoriaceho
Guardado en:
| Autor principal: | |
|---|---|
| Otros Autores: | |
| Formato: | Manuscrito Libro |
| Lenguaje: | eslovaco |
| Publicado: |
2015
|
| Materias: | |
| Acceso en línea: | http://is.stuba.sk/zp/portal_zp.pl?podrobnosti=102632 |
| Etiquetas: |
Sin Etiquetas, Sea el primero en etiquetar este registro!
|
MARC
| LEADER | 00000ntm a22000003a 4500 | ||
|---|---|---|---|
| 001 | stuzp49493 | ||
| 003 | SK-STU | ||
| 005 | 20160719153308.0 | ||
| 007 | ta | ||
| 008 | 150427s2015----xo-----f-mn---000-0-slo-d | ||
| 040 | |a STU |b slo | ||
| 041 | 0 | |a slo | |
| 100 | 1 | |a Urbančiková, Lucia |u 037000 |4 aut |U FEI Fakulta elektrotechniky a informatiky |T FEI Ústav telekomunikácií |X 70019 |U E070 |Y 818 |7 70019 | |
| 242 | 0 | 1 | |a Speaker identification |y eng |
| 245 | 1 | 0 | |a Identifikácia hovoriaceho |
| 260 | |c 2015 | ||
| 300 | |a 40 s. | ||
| 650 | 4 | |a reč |2 slo | |
| 650 | 4 | |a rozpoznávanie hovoriaceho |2 slo | |
| 650 | 4 | |a KNN |2 slo | |
| 650 | 4 | |a identifikácia |2 slo | |
| 650 | 4 | |a MFCC |2 slo | |
| 650 | 4 | |a identification |2 eng | |
| 650 | 4 | |a MFCC |2 eng | |
| 650 | 4 | |a KNN |2 eng | |
| 650 | 4 | |a speaker recognition |2 eng | |
| 650 | 4 | |a speech |2 eng | |
| 700 | 1 | |a Kačur, Juraj |4 ths |X 1861 |7 A000001861 | |
| 856 | 4 | |u http://is.stuba.sk/zp/portal_zp.pl?podrobnosti=102632 | |
| 996 | |b 284ER01798 |c E*Bc- 1798 |l EE37 |s P |a 0 |w stuzp49493_0001 | ||
| SQL | |a stuzp49493 |b DBP |c SLO |d Identifikácia hovoriaceho |e 70019 |f Urbančiková, Lucia |g 037000 |h 1861 |i Kačur, Juraj |j 20150707 |k 78 |l 03 |m http://is.stuba.sk/zp/portal_zp.pl?podrobnosti=102632 |n B-TLK |o 5.2.15. telekomunikácie | ||